ბათუმის შოთა რუსთაველის სახელმწიფო უნივერსიტეტის ბიბლიოთეკა

რჩეული ნაწარმოებები : 2 ტომად. ტ. 2. 1984 : (ბიბ.ჩანაწერი № 53020)

000 -ლიდერი
ფიქსირებული სიგრძის საკონტროლო ველი 01697nam a2200313Ia 4500
001 - საკონტროლო ნომერი
საკონტროლო ველი 20053
003 - საკონტროლო ნომრის იდენტიფიკატორი
საკონტროლო ველი GE_BSU
005 - ბოლო ოპერაციის თარიღი და დრო
საკონტროლო ველი 20250416113839.0
008 - ფიქსირებული სიგრძის მონაცემთა ელემენტები - ზოგადი ინფორმაცია
ფიქსირებული სიგრძის საკონტროლო ველი 181216s2014||||ge |||||||||||||| ||geo||
020 ## - წიგნის საერთაშორისო სტანდარტული ნომერი
International Standard Book Number 978-9941-21-544-5
040 ## - კატალოგიზაციის წყარო
Transcribing agency GE_BSU
041 ## - ენის კოდი
Language code of text/sound track or separate title geo
080 ## - უნივერსალური ათობითი კლასიფიკაციის ინდექსი
Universal Decimal Classification number 821.111-31 ო-65
100 ## - მთავარი ჩანაწერი - პიროვნების სახელი
Personal name ორუელი, ჯ. (ჯორჯ, 1903-1950)
9 (RLIN) 24828
245 ## - ცნობა სათაურის შესახებ
Title რჩეული ნაწარმოებები : 2 ტომად. ტ. 2. 1984 :
Remainder of title [რომანი] /
Statement of responsibility, etc ჯორჯ ორუელი ; რედ. მაია ალუდაური ; მთარგმნ. დათო აკრიანი.
264 ## - წარმოების, გამოცემის, დისტრიბუციის და სხვა ცნობები
გამოცემის, წარმოების, დისტრიბუციის... ადგილი თბილისი :
გამოცემის, წარმოების, დისტრიბუციის... სახელწოდება პალიტრა L,
გამოცემის, წარმოების, დისტრიბუციის... თარიღი 2014.
300 ## - ფიზიკური აღწერა
Extent 352 გვ. ;
Dimensions 20 სმ.
490 ## - სერიის ცნობა
Series statement ჩემი რჩეული მსოფლიო, 2233-3886 / სარედ. ჯგ. : ზურაბ აბაშიძე [და სხვ.] ;
Volume number/sequential designation ტ. 39
653 ## - INDEX TERM--UNCONTROLLED
Uncontrolled term 1984
653 ## - INDEX TERM--UNCONTROLLED
Uncontrolled term რჩეული ნაწარმოებები ტ. 2
700 ## - ADDED ENTRY--PERSONAL NAME
Personal name აკრიანი, დ. (დათო)
Relator term მთარგმნელი
9 (RLIN) 24829
700 ## - ADDED ENTRY--PERSONAL NAME
Personal name აბაშიძე, ზ. (ზურაბ)
Relator term რედაქტორი
9 (RLIN) 24830
700 ## - ADDED ENTRY--PERSONAL NAME
Personal name ასათიანი, თ. (თინათინ)
Relator term რედაქტორი
9 (RLIN) 24831
700 ## - ADDED ENTRY--PERSONAL NAME
Personal name ორაგველიძე, დ. (დავით)
Relator term რედაქტორი
9 (RLIN) 24832
700 ## - ADDED ENTRY--PERSONAL NAME
Personal name ჯანელიძე, მ. (მანანა)
Relator term რედაქტორი
9 (RLIN) 24833
700 ## - ADDED ENTRY--PERSONAL NAME
Personal name ალუდაური, მ. (მაია)
Relator term რედაქტორი
9 (RLIN) 24834
942 ## - ADDED ENTRY ELEMENTS (KOHA)
Koha item type წიგნი
Source of classification or shelving scheme
ეგზემპლარები
ჩამოწერის სტატუსი დაკარგული ეგზემპლარის სტატუსი კლასიფიკაციის წყარო ან თაროზე გაწყობის სქემა დაზიანების სტატუსი არ გაიცემა მუდმივი მდებარეობა (დაცვის ადგილი) ამჟამინდელი ადგილსამყოფელი თაროზე განთავსების ადგილი შეძენის თარიღი ღირებულება, შესყიდვის ნორმალური ფასი სრული შენახვის შიფრი შტრიხკოდი ბოლო ოპერაციის თარიღი ეგზემპლარის მიმდევრობითი ნომერი (კეტერი?) ფასის ძალაში შესვლის თარიღი ეგზემპლარის სახეობა საჯარო შენიშვნა
          ბათუმის შოთა რუსთაველის სახელმწიფო უნივერსიტეტის მთავარი ბიბლიოთეკა ბათუმის შოთა რუსთაველის სახელმწიფო უნივერსიტეტის მთავარი ბიბლიოთეკა წიგნსაცავი 2018-12-17 12.00 821.111-31 ო-65 27862 2018-12-17 17862 2018-12-17 წიგნი 12.00 ₾.